| 000 | 00730nam a22002417a 4500 | ||
|---|---|---|---|
| 003 | UA-OsUOA | ||
| 001 | 35082 | ||
| 007 | ta | ||
| 008 | 20051107b un ||||| |||| 00| 0 ukr d | ||
| 100 | _aКочерган М. | ||
| 090 |
_a81'374.2(038) _bК75 |
||
| 942 | _cBK | ||
| 040 |
_aUA-OsUOA _brus _cUA-OsUOA _dUA-OsUOA |
||
| 245 | _aСловарь русско- украинских межязыковых омонимов | ||
| 300 | _a400 с. | ||
| 955 | _a2 | ||
| 041 | _arus | ||
| 080 | _a81'374.2(038) | ||
| 020 | _a966-580-006 | ||
| 260 |
_aК. _bАкадемия _c1997 |
||
| 650 | 7 |
_a8 Мовознавство. Художня література. Літературознавство _2UDC |
|
| 999 |
_c321461 _d321461 |
||